000 00781nam a22002297a 4500
001 3014
003 FISKH
005 20240130152305.0
008 240130b cb ||||| |||| 00| 0 eng d
020 _a9780545537346
040 _aFISKH
_beng
_cFISKH
_dFISKH
050 _aPZ7.C7586
082 _a813.6
100 _aCondie, Ally
245 _aCrossed /
_cAlly Condie
250 _aFirst Scholastic printing, March 2013
260 _aNew York :
_bScholastic,
_c2011
300 _a367, 16 pages :
_c20 cm
520 _aSeventeen-year-old Cassia sacrifices everything and heads to the Outer Provinces in search of Ky, where she is confronted with shocking revelations about Society and the promise of rebellion.
650 _aDystopia
_vFantasy Fiction
942 _2ddc
_cBK
_n0
999 _c3014
_d3014